Cẩm nang quản lý mối quan hệ khách hàng
Gồm 10 chương, giới thiệu về các kỹ năng quan hệ khách hàng
Đã lưu trong:
| 主要作者: | |
|---|---|
| 格式: | 图书 |
| 语言: | Undetermined |
| 出版: |
Thành phố Hồ Chí Minh
Tổng hợp Thành phố Hồ Chí Minh
2010
|
| 主题: | |
| 标签: |
添加标签
没有标签, 成为第一个标记此记录!
|
| Thư viện lưu trữ: | Trung tâm Học liệu Trường Đại học Cần Thơ |
|---|
| LEADER | 00788nam a2200217Ia 4500 | ||
|---|---|---|---|
| 001 | CTU_197102 | ||
| 008 | 210402s9999 xx 000 0 und d | ||
| 020 | |c 92000 | ||
| 082 | |a 658.812 | ||
| 082 | |b D994 | ||
| 100 | |a Dyché, Jill | ||
| 245 | 0 | |a Cẩm nang quản lý mối quan hệ khách hàng | |
| 245 | 0 | |c Jill Dyché ; Huỳnh Minh Em (dịch) | |
| 260 | |a Thành phố Hồ Chí Minh | ||
| 260 | |b Tổng hợp Thành phố Hồ Chí Minh | ||
| 260 | |c 2010 | ||
| 520 | |a Gồm 10 chương, giới thiệu về các kỹ năng quan hệ khách hàng | ||
| 650 | |a Customer relations,Quan hệ khách hàng | ||
| 650 | |x Management,Quản lý | ||
| 904 | |i Nguyên | ||
| 980 | |a Trung tâm Học liệu Trường Đại học Cần Thơ | ||